El delito de evasión fiscal

محفوظ في:
التفاصيل البيبلوغرافية
المؤلف الرئيسي: García Vizcaíno, José (مؤلف)
التنسيق: كتاب
اللغة:الإسبانية
منشور في: Buenos Aires Abeledo-Perrot 1961
الموضوعات:
الوسوم: إضافة وسم
لا توجد وسوم, كن أول من يضع وسما على هذه التسجيلة!

MARC

LEADER 00000nam a2200000 a 4500
001 UCS0284
003 CL-VaPUC
008 970418e19610000AG |||||||||||||||||spa|d
082 0 4 |a 364.133  |b GAR  |2 21 
100 0 |a García Vizcaíno, José  |e author  |9 383546 
245 1 3 |a El delito de evasión fiscal 
300 |a 207 p 
942 |c BK 
945 |d 19970418 00:00:00  |a paguirre 
260 |a Buenos Aires  |b Abeledo-Perrot  |c 1961 
650 0 |a Delitos  |9 224143 
650 7 |a DELITO ECONOMICO  |2 CL-VaPUC  |9 342973 
650 7 |a DERECHO PENAL  |2 CL-VaPUC  |9 11 
650 7 |a EVASION TRIBUTARIA  |2 CL-VaPUC  |9 383547 
650 0 |a Política fiscal  |9 317354 
650 7 |a DELITO TRIBUTARIO  |2 CL-VaPUC  |9 377304 
583 |a last modification  |c 19970418 00:00:00  |k Rodrigo Vera 
999 |c 258522  |d 258520 
952 |0 0  |1 0  |4 0  |6 364_133000000000000_GAR_1961  |7 0  |8 A  |9 282688  |a BIBDER  |b BIBDER  |d 2019-11-19  |i 1833219  |o 364.133 GAR 1961  |p 1833219  |r 2023-01-25  |w 2019-11-19  |y BK  |k DER